Statistics for Foods that Start with G Quiz

Click here to take the quiz!

General Stats

  • This quiz has been taken 36,138 times
    (26,763 since last reset)
  • The average score is 12 of 20

Answer Stats

Clue Food % Correct
What grows in vineyardsGrapes
100%
Avocado-based dipGuacamole
86%
Hungarian stewGoulash
72%
Fragrant root used to flavor snaps, bread, or aleGinger
69%
Mashed potato accompanimentGravy
66%
S'mores ingredientGraham Cracker
64%
Tropical fruit popular in HawaiiGuava
63%
Onion relativeGarlic
63%
Popular breakfast or hiking trail mixtureGranola
62%
Small pickleGherkin
62%
Tomato-based soup, usually served coldGazpacho
56%
Chicken organGizzard
55%
Cajun stewGumbo
53%
Greek pita sandwich with tzatziki sauceGyro
53%
Italian dumplingsGnocchi
49%
Red-colored cocktail syrupGrenadine
44%
Indian clarified butterGhee
43%
Chocolate and cream mixture used in trufflesGanache
39%
Another name for a chickpea{Garbanzo} Bean
38%
Naval beverage made of weak beer and rumGrog
32%

Score Distribution

Percentile by Number Answered

Percent of People with Each Score

Your Score History

You have not taken this quiz since the last reset